[Event "Asia Cities-ch 19th"]
[Site "Kalutara "]
[Date "2015.07.24"]
[Round "4"]
[White "Bilegsaikhan, Oyunbold"]
[Black "Min, Po Yen"]
[Result "0-1"]
[WhiteElo "2036"]
[BlackElo "1686"]
[PlyCount "74"]
[EventDate "2015.07.22"]
[EventType "team-tourn"]
[EventRounds "9"]
[EventCountry "SRI"]
[SourceTitle "EXT 2020"]
[Source "ChessBase"]
[SourceDate "2019.10.17"]
[SourceVersion "1"]
[SourceVersionDate "2019.10.17"]
[SourceQuality "1"]
[WhiteTeam "Erdenet"]
[BlackTeam "Taiwan"]
[WhiteTeamCountry "MGL"]
[BlackTeamCountry "TPE"]

1. e4 e6 2. d4 d5 3. Nc3 Bb4 4. e5 Ne7 5. a3 Bxc3+ 6. bxc3 c5 7. Qg4 Qc7 8. Qxg7 Rg8 9. Qxh7 cxd4 10. Ne2 Nbc6 11. f4 dxc3 12. Qd3 Bd7 13. Qxc3 Nf5 14. g3 d4 15. Qd3 Qb6 16. Kf2 Nce7 17. Bg2 Bb5 18. Rb1 Bxd3 19. Rxb6 Bxe2 20. Rxb7 Ba6 21. Rb2 Rc8 22. Be4 Kd7 23. Bd2 Bc4 24. Rg1 Bd5 25. Bd3 Rh8 26. h4 Rhg8 27. Be2 Be4 28. Bd1 Nd5 29. Rb7+ Rc7 30. Rxc7+ Kxc7 31. Bh5 Rg7 32. c3 dxc3 33. Bxc3 Nxc3 34. Rc1 Rxg3 35. Bxf7 Kd7 36. h5 Rg2+ 37. Kf1 Ng3+ 0-1

[Event "Asia Cities-ch 19th"]
[Site "Kalutara "]
[Date "2015.07.23"]
[Round "2"]
[White "Borigas, Edgardo"]
[Black "Bilegsaikhan, Oyunbold"]
[Result "1-0"]
[WhiteElo "1914"]
[BlackElo "2036"]
[PlyCount "61"]
[EventDate "2015.07.22"]
[EventType "team-tourn"]
[EventRounds "9"]
[EventCountry "SRI"]
[SourceTitle "EXT 2020"]
[Source "ChessBase"]
[SourceDate "2019.10.17"]
[SourceVersion "1"]
[SourceVersionDate "2019.10.17"]
[SourceQuality "1"]
[WhiteTeam "Hong Kong"]
[BlackTeam "Erdenet"]
[WhiteTeamCountry "HKG"]
[BlackTeamCountry "MGL"]

1. d4 d5 2. Bf4 Bf5 3. e3 e6 4. Bd3 Bg6 5. Nf3 Bd6 6. Bg3 Ne7 7. 0-0 0-0 8. Ne5 Nf5 9. Nxg6 hxg6 10. Bxf5 gxf5 11. f4 c5 12. c3 Nc6 13. Nd2 Qb6 14. Rb1 Qa6 15. a3 Qd3 16. Rf3 Qb5 17. Bf2 Rfe8 18. Rh3 g6 19. Nf3 cxd4 20. cxd4 Kg7 21. b4 Rac8 22. Ne5 Nxe5 23. fxe5 Be7 24. Qe1 Qd3 25. Rd1 Qxa3 26. Bh4 Qxb4 27. Bf6+ Bxf6 28. exf6+ Kxf6 29. Qxb4 Rc7 30. Qd6 Rec8 31. Rh8 1-0

[Event "Asia Cities-ch 19th"]
[Site "Kalutara "]
[Date "2015.07.22"]
[Round "1"]
[White "Al Ibrahim, Abdulrahman"]
[Black "Bilegsaikhan, Oyunbold"]
[Result "1/2-1/2"]
[WhiteElo "1719"]
[BlackElo "2036"]
[PlyCount "121"]
[EventDate "2015.07.22"]
[EventType "team-tourn"]
[EventRounds "9"]
[EventCountry "SRI"]
[SourceTitle "EXT 2020"]
[Source "ChessBase"]
[SourceDate "2019.10.17"]
[SourceVersion "1"]
[SourceVersionDate "2019.10.17"]
[SourceQuality "1"]
[WhiteTeam "Kuwait"]
[BlackTeam "Erdenet"]
[WhiteTeamCountry "KUW"]
[BlackTeamCountry "MGL"]

1. e4 d5 2. exd5 Qxd5 3. Nc3 Qd6 4. Bc4 Nf6 5. Nf3 a6 6. Qe2 b5 7. Ne4 Nxe4 8. Qxe4 c6 9. Bb3 Nd7 10. Ng5 e6 11. d4 Nf6 12. Qf3 Bb7 13. c3 Be7 14. 0-0 Qd7 15. Qe3 c5 16. dxc5 Qc6 17. Nf3 h6 18. a4 Bxc5 19. axb5 axb5 20. Rxa8+ Bxa8 21. Qe2 0-0 22. Be3 Bd6 23. Rd1 Ng4 24. h3 Ne5 25. Ne1 Nc4 26. Bxc4 bxc4 27. Rd4 Rc8 28. Qf3 Qb5 29. Qd1 Bc7 30. Qe2 Bd5 31. Rd2 Rb8 32. g3 Ba8 33. Ng2 Qc6 34. f4 Qe4 35. Ba7 Rc8 36. Qxe4 Bxe4 37. Rd4 Bd3 38. Ne3 e5 39. Rd7 exf4 40. Nd5 Bd8 41. Nxf4 Bf5 42. Rd5 Be4 43. Rd4 f5 44. Rd7 Bf6 45. Nd5 Bxd5 46. Rxd5 Rc7 47. Bc5 g6 48. Kf2 Kf7 49. Bb4 Ke6 50. Rd2 Be5 51. Kf3 h5 52. h4 Rd7 53. Rxd7 Kxd7 54. Bc5 Kc6 55. Bd4 Bd6 56. Be3 Kb5 57. Bf4 Bf8 58. Ke3 Bc5+ 59. Ke2 Ka4 60. Kd1 Kb3 61. Kc1 1/2-1/2

[Event "Asia Cities-ch 18th"]
[Site "Tagaytay City"]
[Date "2013.10.22"]
[Round "4.1"]
[White "Bilegsaikhan, Oyunbold"]
[Black "Lee, Sanghoon"]
[Result "0-1"]
[WhiteElo "2071"]
[BlackElo "2171"]
[PlyCount "54"]
[EventDate "2013.10.20"]
[EventType "team-swiss"]
[EventRounds "9"]
[EventCountry "PHI"]
[SourceTitle "EXT 2014"]
[Source "ChessBase"]
[SourceDate "2013.11.20"]
[SourceVersion "1"]
[SourceVersionDate "2013.11.20"]
[SourceQuality "1"]
[WhiteTeam "Erdenet"]
[BlackTeam "Seoul"]
[WhiteTeamCountry "MGL"]
[BlackTeamCountry "KOR"]

1. e4 c5 2. Nf3 Nc6 3. d4 cxd4 4. Nxd4 Qb6 5. Nb3 Nf6 6. Be3 Qc7 7. Nc3 e6 8. Bd3 a6 9. 0-0 Be7 10. Kh1 b5 11. f3 0-0 12. Qe1 d6 13. Rd1 Ne5 14. Qg3 Bb7 15. Nd4 Rfe8 16. Rfe1 Rac8 17. Bc1 b4 18. Nb1 d5 19. Qh3 dxe4 20. fxe4 Neg4 21. Re2 Bc5 22. c3 e5 23. Qg3 exd4 24. Bf4 Ne5 25. cxd4 Nh5 26. Qh4 Nxf4 27. Qxf4 Nxd3 0-1

[Event "Izmailov Memorial op 17th"]
[Site "Tomsk"]
[Date "2013.06.11"]
[Round "1"]
[White "Bilegsaikhan, Oyunbold"]
[Black "Loskutov, Oleg"]
[Result "0-1"]
[WhiteElo "2028"]
[BlackElo "2383"]
[PlyCount "86"]
[EventDate "2013.06.11"]
[EventType "swiss"]
[EventRounds "9"]
[EventCountry "RUS"]
[SourceTitle "CBM 154 Extra"]
[Source "ChessBase"]
[SourceDate "2013.06.25"]
[SourceVersion "2"]
[SourceVersionDate "2013.06.25"]
[SourceQuality "1"]

1. e4 c5 2. Nf3 d6 3. d4 cxd4 4. Nxd4 Nf6 5. Nc3 a6 6. Bd3 g6 7. 0-0 Bg7 8. h3 0-0 9. Be3 Nbd7 10. Qd2 Re8 11. a4 Nc5 12. f4 e5 13. fxe5 Rxe5 14. Nf3 Ncxe4 15. Nxe4 Nxe4 16. Qb4 a5 17. Qa3 Re8 18. Rad1 Nc3 19. Rde1 Rxe3 20. Rxe3 Qb6 21. bxc3 Qxe3+ 22. Kh1 Qe7 23. Re1 Be6 24. Bc4 Rc8 25. Qb3 Bxc4 26. Rxe7 Bxb3 27. cxb3 Bxc3 28. Rxb7 Bb4 29. Ng5 Rc1+ 30. Kh2 Rf1 31. Kg3 h6 32. Nf3 Rd1 33. h4 Rd3 34. h5 Rxb3 35. Kg4 f5+ 36. Kh3 g5 37. Kh2 Rd3 38. Kg1 Bc5+ 39. Kf1 Ra3 40. Nd2 Ra2 41. Nc4 Rxa4 42. Nb2 Rf4+ 43. Ke1 Rh4 0-1